000 00735cam a2200253u 4500
001 7583
003 BD-RjUL
005 20211208234436.0
008 140115s1961 gw 001 0 ger d
035 _a(BD-RjUL)
040 _aDLC
_cCarP
_dBD-RjUL
_beng
041 _aeng
082 _a160
_bSCG 1961
100 1 _aScholz, Heinrich,
_d1884-1956.
_923665
245 1 0 _aGrundzüge der mathematischen Logik /
_cHeinrich Scholz
260 _aBerlin :
_bSpringer,
_cc1961.
300 _a504 p. ;
_c24 cm.
504 _aIncludes index
650 0 _aLogic, Symbolic and mathematical.
_923666
700 1 _aHasenjaeger, Gisbert, [from old catalog]
_ejoint author.
_923667
942 _2ddc
_cBK
999 _c7583
_d7583